000 00975cad a22002055a 4500
001 E150272
008 100618e20100617xxk s000 0 eng d
035 _a(Sirsi) u150272
041 0 _aeng
110 2 _aScotland
_bScottish Government
_95344
245 0 0 _aFarms pave way to beat climate change
_h[electronic resource]
260 _c2010
490 _aScottish Government News Release
_v17 June 2010
520 _aThe Scottish Government has chosen four farms to test and demonstrate climate friendly farming methods as part of the Farming for a Better Climate initiative. It is hoped that the Climate Change Focus Farms will help to cut emissions, increase efficiency and improve productivity.
590 _aKA
651 4 _aScotland
_y1999-
690 _aENVIRONMENTAL AND LAND CONSULTANCY-AGRIBUSINESS-AGRICULTURE
856 4 0 _uhttps://www.scotland.gov.uk/News/Releases/2010/06/17132456
_zView the news release free of charge at www.scotland.gov.uk...
942 _n0
999 _c82437
_d82437